Synonyms of book titles - Statistics

General Stats
  • This quiz has been taken 44 times
  • The average score is 6 of 13
Answer Stats
Hint Answer % Correct
Monarch of the insects Lord of the Flies
87%
Tiny female Little women
79%
Creature ranch Animal farm
76%
To slay a Mimus polyglotktos To kill a mockingbird
66%
The trader of Italy The merchant of venice
63%
Harriot Panner Harry Potter
45%
Amazing goals Great expectations
34%
The happy fortunate group The Joy Luck Club
34%
John and Mary Romeo and Juliet
32%
Elizabeth’s stringy thingy Charlotte’s web
18%
Reflective tiny animals Glass Menagerie
18%
Settlement Hamlet
16%
Valley son of John (read: jack) Percy Jackson
13%
No matching quizzes found
Score Distribution
Percent of People with Each Score
Percentile by Number Answered
Your Score History
You have not taken this quiz